International comparisons of real product and purchasing power / (Record no. 55736)
[ view plain ]
| 000 -LEADER | |
|---|---|
| fixed length control field | 01009nam a2200289 a 4500 |
| 001 - CONTROL NUMBER | |
| control field | 55736 |
| 003 - CONTROL NUMBER IDENTIFIER | |
| rucl marc code | BD-RjUL |
| 005 - DATE AND TIME OF LATEST TRANSACTION | |
| control field | 20211209080316.0 |
| 008 - FIXED-LENGTH DATA ELEMENTS--GENERAL INFORMATION | |
| fixed length control field | 161121s1978 enk bs i001 0 eng |
| 020 ## - INTERNATIONAL STANDARD BOOK NUMBER | |
| International Standard Book Number | 0801820197. |
| -- | 0801820200 |
| 035 ## - SYSTEM CONTROL NUMBER | |
| System control number | (BD-RjUL)55860 |
| 040 ## - CATALOGING SOURCE | |
| Original cataloging agency | DLC |
| Transcribing agency | DLC |
| Modifying agency | BD-RjUL |
| Language of cataloging | eng |
| 041 ## - LANGUAGE CODE | |
| Language code of text/sound track or separate title | eng |
| 082 00 - DEWEY DECIMAL CLASSIFICATION NUMBER | |
| Classification number | 339.3 |
| Edition number | 23 |
| Author mark and year | KRI 1978 |
| 100 1# - MAIN ENTRY--PERSONAL NAME | |
| Personal name | Kravis, Irving B. |
| 9 (RLIN) | 139180 |
| 245 10 - TITLE STATEMENT | |
| Title | International comparisons of real product and purchasing power / |
| Statement of responsibility, etc. | Irving B. Kravis, Alan Heston, Robert Summers, |
| 260 ## - PUBLICATION, DISTRIBUTION, ETC. (IMPRINT) | |
| Place of publication, distribution, etc. | London : |
| Name of publisher, distributor, etc. | Published for the World Bank [by] the Johns Hopkins University Press, |
| Date of publication, distribution, etc. | c1978. |
| 300 ## - PHYSICAL DESCRIPTION | |
| Pagination | ix, 264 p. ; |
| Size | 28 cm. |
| 504 ## - BIBLIOGRAPHY, ETC. NOTE | |
| Bibliography, etc | Includes bibliographical references and index. |
| 650 #0 - SUBJECT ADDED ENTRY--TOPICAL TERM | |
| Topical term or geographic name as entry element | Income. |
| 9 (RLIN) | 165981 |
| Topical term or geographic name as entry element | Gross national product. |
| 9 (RLIN) | 165982 |
| Topical term or geographic name as entry element | Purchasing power. |
| 9 (RLIN) | 165983 |
| 700 1# - ADDED ENTRY--PERSONAL NAME | |
| Personal name | Heston, Alan W., |
| Relator term | joint author. |
| Personal name | Summers, Robert, |
| Dates associated with a name | 1922- |
| Relator term | joint author. |
| 942 ## - ADDED ENTRY ELEMENTS (KOHA) | |
| Source of classification or shelving scheme | Dewey Decimal Classification |
| Koha item type | Books |
| Lost status | Source of classification or shelving scheme | Damaged status | Not for loan | Collection code | Permanent Location | Current Location | Shelving location | Date acquired | Source of acquisition | Total Checkouts | Full call number | Date last seen | Copy number | Koha item type |
|---|---|---|---|---|---|---|---|---|---|---|---|---|---|---|
| Dewey Decimal Classification | Non-fiction | Central Library, University of Rajshahi | Central Library, University of Rajshahi | 06/02/1979 | Asia foundation | 339.3 KRI 1978 | 21/11/2016 | C-2 | Books |